[Event "V Festival A"]
[Site "Campobasso ITA"]
[Date "1998.09.13"]
[Round "6"]
[White "Aleksieva, Silvia"]
[Black "Luigini, Ottavio"]
[Result "1/2-1/2"]
[WhiteElo "2335"]
[BlackElo "1804"]
[PlyCount "114"]
[EventDate "1998.09.11"]

1. e4 e5 2. Bc4 Nf6 3. d3 Be7 4. Nf3 d6 5. c3 O-O 6. Bb3 Nc6 7. O-O Bg4 8. Nbd2
h6 9. h3 Be6 10. Bc2 d5 11. Re1 dxe4 12. dxe4 Qd7 13. a4 a5 14. Qe2 Bc5 15. Nc4
Bxc4 16. Qxc4 Qe7 17. Be3 Bxe3 18. Rxe3 Nd7 19. Bb3 Nb6 20. Qb5 Rad8 21. Rae1
Rd6 22. Bd5 Re8 23. Bxc6 bxc6 24. Qc5 Nxa4 25. Qxa5 Nxb2 26. Qa2 Nd3 27. Rb1
Red8 28. g3 Qe6 29. Qxe6 Rxe6 30. Rb7 Re7 31. Kg2 Kf8 32. Ra7 Red7 33. Ra5 c5
34. Rxd3 Rxd3 35. Rxc5 f6 36. Rxc7 R3d7 37. Rc5 g5 38. Nh2 Rd2 39. Ng4 Kg7 40.
Ne3 R8d7 41. Rc6 Ra7 42. h4 gxh4 43. Nf5+ Kh7 44. Nxh4 Raa2 45. Rxf6 Rac2 46.
Rf5 Re2 47. Rf7+ Kg8 48. Rf6 Rxe4 49. Rxh6 Rxc3 50. Rf6 Re2 51. Nf3 e4 52. Ng1
Rd2 53. Nh3 e3 54. Re6 Rb2 55. Re4 Rd2 56. Re7 Rb2 57. Re4 Rd2 1/2-1/2

[Event "V Festival A"]
[Site "Campobasso ITA"]
[Date "1998.09.13"]
[Round "6"]
[White "Artizzu, Giulio"]
[Black "Pilla, Giuseppe"]
[Result "1/2-1/2"]
[WhiteElo "1729"]
[BlackElo "1923"]
[PlyCount "70"]
[EventDate "1998.09.11"]

1. e4 e5 2. f4 exf4 3. Nf3 g5 4. Bc4 Bg7 5. d4 d6 6. O-O h6 7. c3 Ne7 8. g3 g4
9. Nh4 f3 10. Nxf3 gxf3 11. Qxf3 O-O 12. Bxf7+ Kh8 13. Qh5 Ng8 14. h4 Be6 15.
Bxe6 Rxf1+ 16. Kxf1 Nc6 17. Bxg8 Qf6+ 18. Qf5 Qxf5+ 19. exf5 Kxg8 20. g4 Rf8
21. Nd2 h5 22. g5 Rxf5+ 23. Ke2 Rf4 24. Nf3 Rg4 25. Bd2 Ne7 26. Rg1 Re4+ 27.
Kd3 d5 28. Re1 Rxe1 29. Bxe1 Kf7 30. Ke3 Ke6 31. Bg3 c6 32. Ne5 Bxe5 33. dxe5
Nf5+ 34. Kf4 Ne7 35. Ke3 Nf5+ 1/2-1/2

[Event "V Festival A"]
[Site "Campobasso ITA"]
[Date "1998.09.13"]
[Round "6"]
[White "De Bortoli, Peter"]
[Black "Lazarev, Vladimir"]
[Result "0-1"]
[WhiteElo "2215"]
[BlackElo "2450"]
[PlyCount "142"]
[EventDate "1998.09.11"]

1. e4 c5 2. Nf3 Nc6 3. d4 cxd4 4. Nxd4 Qc7 5. c3 Nf6 6. Bd3 e6 7. O-O a6 8. f4
d6 9. Be3 g6 10. Nxc6 bxc6 11. Bd4 e5 12. fxe5 dxe5 13. Rxf6 Bg7 14. Bxe5 Qxe5
15. Rf1 O-O 16. Nd2 Rd8 17. Bc4 Bh6 18. Bxf7+ Kg7 19. Nf3 Rxd1 20. Nxe5 Rxa1
21. Rxa1 Kf6 22. Bxg6 hxg6 23. Nxc6 Bb7 24. Rf1+ Kg7 25. Nd4 Be3+ 26. Kh1 Bxd4
27. cxd4 Bxe4 28. Re1 Bd5 29. Kg1 Bxa2 30. Ra1 Bc4 31. Rc1 Bb5 32. Rc2 Rf8 33.
Rf2 Rd8 34. Rd2 Kf6 35. Kf2 Kf5 36. Kf3 Bc6+ 37. Ke3 Re8+ 38. Kd3 Bb5+ 39. Kc3
Ke4 40. d5 Rd8 41. Rd4+ Ke5 42. Rg4 Kf5 43. Rd4 Rc8+ 44. Kb3 Ke5 45. Rg4 Bd3
46. Rg5+ Kd6 47. h4 Rh8 48. Kc3 Bb1 49. Rg4 Bf5 50. Ra4 Bc8 51. Rf4 Kxd5 52. g4
Bd7 53. h5 gxh5 54. gxh5 Rxh5 55. Rd4+ Kc6 56. Kb3 Be6+ 57. Kc3 Kb5 58. Rb4+
Kc5 59. Rb8 Rh3+ 60. Kc2 Bc4 61. Rb7 Bb5 62. Rg7 Kb4 63. Rg1 Bd3+ 64. Kc1 Kb3
65. Rd1 Ka2 66. Rg1 Rh6 67. Rg3 Rc6+ 68. Kd2 Bc4 69. Kc3 a5 70. Rg5 Bb3+ 71.
Kd3 a4 0-1

[Event "V Festival A"]
[Site "Campobasso ITA"]
[Date "1998.09.13"]
[Round "6"]
[White "De Vita, Gianni"]
[Black "Castrogiovanni, Carlo"]
[Result "1/2-1/2"]
[WhiteElo "2130"]
[BlackElo "2045"]
[PlyCount "65"]
[EventDate "1998.09.11"]

1. e4 c5 2. c3 d5 3. exd5 Qxd5 4. d4 Nf6 5. Nf3 e6 6. Bd3 Be7 7. O-O Nc6 8. Na3
O-O 9. Nc2 cxd4 10. Ncxd4 Nxd4 11. Nxd4 Rd8 12. Be2 e5 13. Nb5 Qc6 14. Qb3 Be6
15. c4 a6 16. Nc3 Rd4 17. Qa4 b5 18. cxb5 Qxc3 19. Qxa6 Qc8 20. Qxc8+ Rxc8 21.
Be3 Rb4 22. b3 Nd5 23. Bd2 Rd4 24. Ba5 Ra8 25. Be1 Nf4 26. Bd1 Rd5 27. Bf3 e4
28. Bxe4 Bf6 29. Bd2 Bxa1 30. Bxd5 Ne2+ 31. Kh1 Bxd5 32. Rxa1 Nd4 33. Bc3
1/2-1/2

[Event "V Festival A"]
[Site "Campobasso ITA"]
[Date "1998.09.13"]
[Round "6"]
[White "Fantazzini, Massimiliano"]
[Black "Maxia, Giuseppe"]
[Result "0-1"]
[WhiteElo "1642"]
[BlackElo "1900"]
[PlyCount "52"]
[EventDate "1998.09.11"]

1. d4 Nf6 2. Nf3 e6 3. c4 d5 4. Nc3 Bb4 5. Bg5 O-O 6. e3 b6 7. cxd5 exd5 8. Qb3
Bxc3+ 9. bxc3 Be6 10. Be2 h6 11. Bh4 Nbd7 12. Ne5 Nxe5 13. dxe5 g5 14. Bxg5
hxg5 15. exf6 Qxf6 16. O-O Qe5 17. Ba6 Kg7 18. Rae1 Rh8 19. f4 Qe4 20. Qb4 Qh7
21. Qd4+ Kf8 22. Rf2 Qxh2+ 23. Kf1 Bg4 24. Rf3 Bxf3 25. gxf3 Rh3 26. Qd1 Rg3
0-1

[Event "V Festival A"]
[Site "Campobasso ITA"]
[Date "1998.09.13"]
[Round "6"]
[White "Fragni, Enrico"]
[Black "Iatrino, Vincenzo"]
[Result "0-1"]
[WhiteElo "1822"]
[BlackElo "1743"]
[PlyCount "116"]
[EventDate "1998.09.11"]

1. d4 f5 2. Nf3 Nf6 3. c3 g6 4. Qb3 Bg7 5. Bg5 e6 6. Nbd2 d5 7. e3 O-O 8. Bd3
Nbd7 9. Ne5 h6 10. Bh4 g5 11. Bg3 Nh5 12. f4 Nxe5 13. dxe5 c5 14. Qd1 Nxg3 15.
hxg3 g4 16. Be2 Qb6 17. b3 Rd8 18. Bxg4 fxg4 19. Qxg4 Kf8 20. Qg6 Qc7 21. Nf3
Qf7 22. Qg4 Bd7 23. Nh4 Ke8 24. O-O Bb5 25. Rfd1 Bd7 26. a4 Rdc8 27. c4 Bf8 28.
Ra2 dxc4 29. bxc4 Rd8 30. e4 Bc6 31. Rad2 Rxd2 32. Rxd2 Bxe4 33. Qd1 Bc6 34. a5
Be7 35. Qg4 Be4 36. Rf2 Bxh4 37. Qxh4 Qg6 38. Rd2 Bc6 39. Rd6 h5 40. Kh2 Kf7
41. a6 Kg8 42. axb7 Bxb7 43. Qe7 Be4 44. Rxe6 Qg7 45. Qxc5 h4 46. Qf2 hxg3+ 47.
Qxg3 Qxg3+ 48. Kxg3 a5 49. Rd6 Bc2 50. Rd2 Bb3 51. Rd3 a4 52. Re3 a3 53. Re1 a2
54. Ra1 Bxc4 55. Kf2 Rb8 56. Ke3 Rb1 57. Rxa2 Bxa2 58. Ke4 Rg1 0-1

[Event "V Festival A"]
[Site "Campobasso ITA"]
[Date "1998.09.13"]
[Round "6"]
[White "Gardon, Ermanno"]
[Black "Martorelli, Antonio"]
[Result "1-0"]
[WhiteElo "2110"]
[BlackElo "2380"]
[PlyCount "75"]
[EventDate "1998.09.11"]

1. e4 c5 2. Nf3 e6 3. d4 cxd4 4. Nxd4 a6 5. c4 Nf6 6. Nc3 Qc7 7. Bd3 Nc6 8.
Nxc6 dxc6 9. O-O e5 10. Qe2 Bc5 11. h3 O-O 12. Bg5 Qe7 13. Rad1 h6 14. Bc1 Be6
15. Kh1 g5 16. a3 Bd4 17. Qc2 Nh5 18. Ne2 Ba7 19. b4 Rad8 20. c5 Bb8 21. Bc4
Bc8 22. Kh2 Rxd1 23. Rxd1 Qf6 24. Ng1 g4 25. g3 Kh7 26. h4 Nf4 27. Be3 Bc7 28.
Qd2 a5 29. Qc1 Rg8 30. Qc3 Rg7 31. Qb3 Ng6 32. b5 Nxh4 33. b6 Bd8 34. Rd6 a4
35. Qd1 Be6 36. Bxe6 fxe6 37. Rxd8 Qg6 38. gxh4 1-0

[Event "V Festival A"]
[Site "Campobasso ITA"]
[Date "1998.09.13"]
[Round "6"]
[White "Goller, Savino"]
[Black "Simeoni, Matteo"]
[Result "1/2-1/2"]
[WhiteElo "1705"]
[BlackElo "2035"]
[PlyCount "126"]
[EventDate "1998.09.11"]

1. e4 c5 2. Nf3 d6 3. c3 Nf6 4. h3 Nc6 5. Bd3 g6 6. Bc2 Bg7 7. O-O O-O 8. Re1
Bd7 9. d4 cxd4 10. cxd4 Rc8 11. Nc3 a6 12. e5 dxe5 13. dxe5 Ne8 14. Na4 Nb4 15.
Bb3 b5 16. Nc3 Nc7 17. Be3 Bf5 18. Qxd8 Rfxd8 19. Nd4 Bxe5 20. Nxf5 gxf5 21.
Bc5 Nd3 22. Bxe7 Bxc3 23. bxc3 Nxe1 24. Bxd8 Nf3+ 25. gxf3 Rxd8 26. c4 bxc4 27.
Bxc4 Rd4 28. Rc1 Rd7 29. Bb3 Nb5 30. Kg2 Rd6 31. Rc5 Nd4 32. Bd5 Ne2 33. Bc4
Nd4 34. Ra5 Rg6+ 35. Kf1 Nxf3 36. Bxa6 Nd4 37. Bd3 Rh6 38. Rd5 Nc6 39. Bxf5 Ne7
40. Rd8+ Kg7 41. Bg4 f5 42. Be2 Rxh3 43. a4 Ng6 44. f3 Nf4 45. Bd1 Ne6 46. Rd7+
Kf6 47. a5 Nc5 48. Rd6+ Ke5 49. Rb6 Rh1+ 50. Ke2 Rh2+ 51. Ke1 Kd4 52. Kf1 Rh1+
53. Kg2 Re1 54. a6 Re7 55. Kf2 h5 56. Be2 Ra7 57. Kg3 Ke3 58. Rc6 f4+ 59. Kh4
Kxe2 60. Rxc5 Rxa6 61. Kxh5 Kxf3 62. Rc3+ Kf2 63. Kg4 Rf6 1/2-1/2

[Event "V Festival A"]
[Site "Campobasso ITA"]
[Date "1998.09.13"]
[Round "6"]
[White "Lemma, Vittorio"]
[Black "Marzano, Carlo"]
[Result "0-1"]
[WhiteElo "1702"]
[BlackElo "2185"]
[PlyCount "100"]
[EventDate "1998.09.11"]

1. e4 g6 2. Nc3 c6 3. f4 d5 4. e5 Bg7 5. Nf3 Nh6 6. h3 Nf5 7. Ne2 h5 8. g3 c5
9. d4 cxd4 10. Nfxd4 Nc6 11. Nxf5 Bxf5 12. Bg2 e6 13. c3 g5 14. Nd4 Nxd4 15.
Qxd4 gxf4 16. Bxf4 Qa5 17. a4 Bf8 18. b4 Qc7 19. a5 Rc8 20. Rc1 b6 21. axb6
Qxb6 22. Qxb6 axb6 23. Bf1 Be7 24. Kd2 d4 25. cxd4 Bxb4+ 26. Kd1 Rxc1+ 27. Bxc1
Rg8 28. Rg1 Bc3 29. Be3 Ke7 30. Ke2 b5 31. Kf3 b4 32. g4 hxg4+ 33. hxg4 Bc2 34.
Be2 b3 35. Bd1 Bxd1+ 36. Rxd1 b2 37. Ke2 Ra8 38. Kd3 Ra1 39. Kxc3 Rxd1 40. Kxb2
Rd3 41. Bg5+ Kd7 42. Bf6 Kc6 43. g5 Kd5 44. Kc2 Kxd4 45. Bg7 Ke4 46. Bf6 Rd5
47. Kc3 Rc5+ 48. Kb4 Rxe5 49. Kc3 Kf4 50. Be7 Rxg5 0-1

[Event "V Festival A"]
[Site "Campobasso ITA"]
[Date "1998.09.13"]
[Round "6"]
[White "Monteleone, Antonio"]
[Black "Campanile, Antonio"]
[Result "1/2-1/2"]
[WhiteElo "2140"]
[BlackElo "2155"]
[PlyCount "51"]
[EventDate "1998.09.11"]

1. d4 f5 2. Nc3 d5 3. Bg5 Nf6 4. Bxf6 exf6 5. e3 g6 6. Bd3 Nc6 7. a3 Be6 8. Qf3
Qd7 9. h4 O-O-O 10. Nh3 Bh6 11. Nf4 Rhe8 12. O-O-O a6 13. Kb1 Kb8 14. Nxe6 Qxe6
15. h5 Bf8 16. hxg6 hxg6 17. Rh7 Ne7 18. Ne2 Qb6 19. Nf4 g5 20. Nh5 f4 21. Rf7
Ng8 22. Kc1 Qe6 23. Bg6 f5 24. Nxf4 gxf4 25. Qxf4 Bd6 26. Qxf5 1/2-1/2

[Event "V Festival A"]
[Site "Campobasso ITA"]
[Date "1998.09.13"]
[Round "6"]
[White "Mrdja, Milan"]
[Black "Capuano, Eugenio"]
[Result "1-0"]
[WhiteElo "2430"]
[BlackElo "2150"]
[PlyCount "45"]
[EventDate "1998.09.11"]

1. e4 c5 2. Nf3 Nc6 3. Nc3 g6 4. d4 cxd4 5. Nxd4 Bg7 6. Be3 Nf6 7. Bc4 O-O 8.
Bb3 d6 9. f3 Bd7 10. Qd2 Rc8 11. O-O-O Ne5 12. h4 h5 13. Bg5 Rc5 14. Rhe1 b5
15. f4 Nc4 16. Bxc4 Rxc4 17. e5 b4 18. Qd3 Rxc3 19. bxc3 Nd5 20. cxb4 Qb6 21.
Qb3 e6 22. c4 Rc8 23. Nc2 1-0

[Event "V Festival A"]
[Site "Campobasso ITA"]
[Date "1998.09.13"]
[Round "6"]
[White "Oppici, Gabriele"]
[Black "Scagliarini, Valentina"]
[Result "1-0"]
[WhiteElo "2085"]
[BlackElo "1762"]
[PlyCount "82"]
[EventDate "1998.09.11"]

1. d4 d5 2. Bg5 c6 3. Nf3 Qc7 4. Nbd2 Bf5 5. c4 e6 6. e3 Nd7 7. Be2 Be7 8. Bf4
Bd6 9. Bxd6 Qxd6 10. O-O Ngf6 11. c5 Qc7 12. b4 O-O 13. a4 Rfe8 14. Qb3 Rab8
15. Rfc1 b6 16. b5 Rec8 17. Qa3 bxc5 18. dxc5 e5 19. h3 h6 20. Ne1 g5 21. Nc2
cxb5 22. Nb4 Ra8 23. axb5 Qd8 24. Nc6 Qf8 25. Qb2 Nh7 26. Nxa7 Rxc5 27. Nc6
Rxa1 28. Qxa1 Rxc1+ 29. Qxc1 Qd6 30. Nf3 f6 31. Qa1 Nhf8 32. Qa8 Kg7 33. Qb7
Ne6 34. g4 Bg6 35. b6 Nec5 36. Qc7 Ne4 37. Ba6 Bf7 38. Qxd6 Nxd6 39. b7 Kf8 40.
b8=Q+ Nxb8 41. Nxb8 Ke7 1-0

[Event "V Festival A"]
[Site "Campobasso ITA"]
[Date "1998.09.13"]
[Round "6"]
[White "Pecorari, Marcello"]
[Black "Leveque, Sergio"]
[Result "1-0"]
[WhiteElo "1788"]
[BlackElo "1711"]
[PlyCount "97"]
[EventDate "1998.09.11"]

1. e4 c5 2. d4 cxd4 3. c3 dxc3 4. Nxc3 Nc6 5. Nf3 e6 6. Bc4 Qc7 7. Qe2 Nf6 8.
O-O Ng4 9. Nb5 Qb8 10. g3 a6 11. Nbd4 Bc5 12. Nxc6 dxc6 13. Ng5 Ne5 14. Bf4 Bd6
15. Bb3 Ng6 16. Bxd6 Qxd6 17. Rad1 Qe7 18. h4 h6 19. Nf3 Nf8 20. Rd2 Nd7 21.
Rfd1 O-O 22. e5 Re8 23. Rd6 Nb6 24. Qd3 Nd5 25. Bc2 g6 26. a3 h5 27. Ng5 Bd7
28. Ne4 Bc8 29. Qf3 Kg7 30. Qd3 Rh8 31. Qd4 Bd7 32. Rd3 Raf8 33. Rf3 Be8 34.
Nf6 Qc7 35. Qd3 c5 36. Bb3 Ne7 37. Nd7 Rfg8 38. Nf6 Rf8 39. Nd7 Nf5 40. Nxf8
Rxf8 41. Qc3 Kg8 42. Rd2 b5 43. Bc2 Ne7 44. Be4 Qa7 45. Rfd3 c4 46. Rd8 Qc5 47.
Qd4 Qc7 48. Qd6 Qa7 49. Ra8 1-0

[Event "V Festival A"]
[Site "Campobasso ITA"]
[Date "1998.09.13"]
[Round "6"]
[White "Petruccioli, Antonio"]
[Black "Voiska, Margarita"]
[Result "1-0"]
[WhiteElo "1992"]
[BlackElo "2350"]
[PlyCount "77"]
[EventDate "1998.09.11"]

1. a3 g6 2. c4 Bg7 3. d4 c5 4. e3 Nf6 5. Nf3 O-O 6. Be2 d6 7. O-O Nc6 8. d5 Ne5
9. Nc3 Nxf3+ 10. Bxf3 e5 11. e4 Ne8 12. g4 Qh4 13. Kg2 f5 14. h3 Nf6 15. Rh1
fxe4 16. Nxe4 Nxe4 17. Qe2 Nxf2 18. Qxf2 Qf6 19. Rf1 Qxf3+ 20. Qxf3 Rxf3 21.
Rxf3 Bd7 22. Bg5 e4 23. Rf2 Rf8 24. Raf1 Rxf2+ 25. Rxf2 b5 26. b3 a5 27. Bf4 a4
28. bxa4 b4 29. axb4 cxb4 30. a5 b3 31. Bc1 e3 32. Re2 Bc8 33. Rxe3 Ba6 34.
Rxb3 Bxc4 35. Rb8+ Kf7 36. Bb2 Bxb2 37. Rxb2 Bxd5+ 38. Kf2 Ke6 39. a6 1-0

[Event "V Festival A"]
[Site "Campobasso ITA"]
[Date "1998.09.13"]
[Round "6"]
[White "Pizzuto, Samuele Tullio"]
[Black "Gagliardi, Pietro"]
[Result "1/2-1/2"]
[WhiteElo "2090"]
[BlackElo "2205"]
[PlyCount "111"]
[EventDate "1998.09.11"]

1. f4 d5 2. Nf3 Nf6 3. g3 c6 4. Bg2 g6 5. O-O Bg7 6. d3 O-O 7. Qe1 Bg4 8. e4
Bxf3 9. Bxf3 e6 10. Nc3 Nbd7 11. g4 Ne8 12. g5 Nc7 13. Qg3 Re8 14. h4 b5 15.
Nd1 Nb6 16. Ne3 dxe4 17. dxe4 Qe7 18. Kg2 Qc5 19. c3 Nc4 20. Ng4 Red8 21. Qf2
Qxf2+ 22. Rxf2 a5 23. Ne3 Nb6 24. Nc2 Rd7 25. Nd4 Bxd4 26. cxd4 a4 27. Rb1 Nc8
28. Be3 Ne7 29. Rc1 Ra6 30. h5 Ra8 31. Rh1 Nc8 32. Rc2 Ra6 33. Rhc1 Ne7 34. Kg3
Kf8 35. Bg4 Ne8 36. hxg6 hxg6 37. Rh2 Nd6 38. Bf3 Nc4 39. Bg1 Rd8 40. Rcc2 Kg7
41. Be2 Nd6 42. Bd3 Rh8 43. Rhe2 Kf8 44. Be3 Ke8 45. Bd2 Kd7 46. Bb4 Raa8 47.
Rh2 Rxh2 48. Rxh2 Rf8 49. Rh7 Ndc8 50. Kf3 Nd6 51. Bf1 Nb7 52. d5 Nd6 53. e5
Ndf5 54. dxc6+ Kxc6 55. Rh2 Rc8 56. Bd3 1/2-1/2

[Event "V Festival A"]
[Site "Campobasso ITA"]
[Date "1998.09.13"]
[Round "6"]
[White "Quimi, Marco"]
[Black "Di Lascio, Savino"]
[Result "1-0"]
[WhiteElo "2250"]
[BlackElo "1753"]
[PlyCount "26"]
[EventDate "1998.09.11"]

1. e4 c6 2. d4 d5 3. e5 Bf5 4. h4 h5 5. c4 e6 6. Nc3 Bb4 7. Nf3 Nd7 8. cxd5
Bxc3+ 9. bxc3 exd5 10. Bd3 Bxd3 11. Qxd3 Ne7 12. Ng5 Qa5 13. O-O O-O 1-0

[Event "V Festival A"]
[Site "Campobasso ITA"]
[Date "1998.09.13"]
[Round "6"]
[White "Rotstein, Arkadij"]
[Black "Dervishi, Erald"]
[Result "0-1"]
[WhiteElo "2515"]
[BlackElo "2430"]
[PlyCount "78"]
[EventDate "1998.09.11"]

1. c4 e6 2. Nf3 d5 3. g3 Nf6 4. Bg2 Be7 5. O-O O-O 6. b3 c5 7. Bb2 Nc6 8. e3
Qc7 9. Nc3 Rd8 10. cxd5 Nxd5 11. Nxd5 exd5 12. d4 b6 13. Qc2 Be6 14. Rac1 Rac8
15. Qb1 h6 16. Rfd1 Qb7 17. Rd2 a5 18. Rcd1 a4 19. bxa4 Ra8 20. Ba1 c4 21. Ne5
Nxe5 22. dxe5 Rxa4 23. e4 d4 24. Rxd4 Rda8 25. R4d2 b5 26. f4 Bg4 27. Rf1 Qa7+
28. Bd4 Bc5 29. Bxc5 Qxc5+ 30. Kh1 c3 31. Rc2 Be6 32. Qc1 b4 33. f5 Bc4 34. e6
Bxf1 35. Qxf1 Rxa2 36. Rxa2 Rxa2 37. f6 fxe6 38. Bh3 Qf2 39. Bxe6+ Kf8 0-1

[Event "V Festival A"]
[Site "Campobasso ITA"]
[Date "1998.09.13"]
[Round "6"]
[White "Safranska, Anda"]
[Black "Ficco, Corrado"]
[Result "0-1"]
[WhiteElo "2275"]
[BlackElo "2175"]
[PlyCount "110"]
[EventDate "1998.09.11"]

1. e4 c5 2. Nc3 Nc6 3. g3 g6 4. Bg2 Bg7 5. d3 d6 6. Be3 e6 7. Qd2 Nd4 8. Nge2
Ne7 9. O-O O-O 10. Nc1 Rb8 11. Nd1 Ndc6 12. c3 f5 13. f4 b6 14. exf5 exf5 15.
d4 cxd4 16. cxd4 Na5 17. b3 Bb7 18. Bxb7 Nxb7 19. Nc3 Rc8 20. Nd3 Re8 21. Bf2
Nc6 22. Ne1 d5 23. Nf3 Nd6 24. Ne5 Ne4 25. Nxe4 dxe4 26. Rad1 Qd5 27. Be3 Red8
28. h3 Rc7 29. Rf2 Rdc8 30. g4 Ne7 31. Rg2 Rc3 32. Qf2 b5 33. Kh2 Qe6 34. gxf5
Nxf5 35. d5 Qd6 36. Bxa7 Bxe5 37. fxe5 Qxe5+ 38. Kg1 Rd3 39. Rf1 Rf3 40. Qd2 e3
41. Qd3 Rxf1+ 42. Qxf1 Qxd5 43. Qe1 Re8 44. Re2 Qf3 45. Qf1 Qxf1+ 46. Kxf1 Ng3+
47. Ke1 Nxe2 48. Kxe2 Ra8 49. Bxe3 Rxa2+ 50. Kd3 Rh2 51. Kd4 Rxh3 52. b4 Rh5
53. Bf4 Rh4 54. Ke5 Kf7 55. Bd2 Rc4 0-1

[Event "V Festival A"]
[Site "Campobasso ITA"]
[Date "1998.09.13"]
[Round "6"]
[White "Zimina, Olga"]
[Black "Passerotti, Pierluigi"]
[Result "0-1"]
[WhiteElo "2200"]
[BlackElo "2305"]
[PlyCount "110"]
[EventDate "1998.09.11"]

1. e4 c5 2. Nf3 Nc6 3. d4 cxd4 4. Nxd4 g6 5. c4 Bg7 6. Be3 Nf6 7. Nc3 Ng4 8.
Qxg4 Nxd4 9. Qd1 Ne6 10. Qd2 Qa5 11. Be2 b6 12. O-O Bb7 13. f3 g5 14. Rac1 h5
15. a3 Qe5 16. Rfd1 d6 17. b4 h4 18. Nd5 h3 19. g4 Kf8 20. c5 bxc5 21. bxc5
Bxd5 22. Qxd5 Qxd5 23. Rxd5 Bb2 24. Rc2 Bxa3 25. c6 a5 26. c7 Kg7 27. Ba6 Rxa6
28. c8=Q Rxc8 29. Rxc8 f6 30. Rb5 Bc5 31. Kf2 a4 32. Rbb8 a3 33. Ra8 Rb6 34.
Bxc5 Rb2+ 35. Ke3 dxc5 36. Rxa3 Nf4 37. Rxc5 e5 38. Ra7+ Kg6 39. Rxe5 Re2+ 40.
Kd4 Rd2+ 41. Kc4 fxe5 42. Ra6+ Kg7 43. Ra7+ Kf6 44. Ra6+ Ne6 45. Ra7 Rxh2 46.
Rh7 Nf4 47. Kc5 Rc2+ 48. Kd6 Rd2+ 49. Kc6 h2 50. Kc5 Ng6 51. Rh6 Kg7 52. Rh3
Nh4 53. Kc4 Nxf3 54. Kc3 Rg2 55. Kd3 Rxg4 0-1

[Event "II Open Novotel A"]
[Site "Genova ITA"]
[Date "1998.08.??"]
[Round "1"]
[White "Avolio, Guido"]
[Black "Vujovic, Milorad"]
[Result "0-1"]
[WhiteElo "1708"]
[BlackElo "2275"]
[PlyCount "133"]
[EventDate "1998.08.10"]

1. d4 Nf6 2. Nf3 g6 3. c3 Bg7 4. Bg5 d6 5. e3 O-O 6. Bd3 Nbd7 7. O-O Qe8 8.
Nbd2 e5 9. dxe5 dxe5 10. e4 Nc5 11. Qe2 Bg4 12. Qe3 b6 13. h3 Bc8 14. Rfe1 Nxd3
15. Qxd3 h6 16. Bxf6 Bxf6 17. Qd5 Be6 18. Qb7 Qe7 19. Qa6 Rfd8 20. Qe2 a5 21.
a3 Rd7 22. Nc4 Qc5 23. Ne3 a4 24. Rad1 Rxd1 25. Rxd1 Bb3 26. Rd7 Qc6 27. Nd5
Kg7 28. Nxf6 Kxf6 29. Qd2 Kg7 30. Nxe5 Qxe4 31. Ng4 Rh8 32. Rxc7 h5 33. Ne3 Re8
34. Rd7 Kh7 35. Qd4 Qb1+ 36. Kh2 Qxb2 37. Nd5 Bxd5 38. Qxd5 Rf8 39. f4 Qxc3 40.
f5 Kh6 41. fxg6 fxg6 42. h4 Qc1 43. Qd2+ Qxd2 44. Rxd2 Rf4 45. g3 Rf3 46. Rb2
Rb3 47. Ra2 g5 48. Rc2 gxh4 49. gxh4 Kg6 50. Rc6+ Kf5 51. Rc4 b5 52. Rd4 Ke5
53. Rd8 Rxa3 54. Rh8 b4 55. Rxh5+ Ke4 56. Rc5 b3 57. Rc4+ Ke3 58. Rb4 Ra2+ 59.
Kg3 Kd3 60. h5 Kc3 61. Rb8 Ra1 62. Rc8+ Kb2 63. Kg2 Re1 64. h6 Re7 65. Rc4 a3
66. Rh4 Rh7 67. Kg3 0-1

[Event "II Open Novotel A"]
[Site "Genova ITA"]
[Date "1998.08.??"]
[Round "2"]
[White "Astengo, Corrado"]
[Black "Rossetti, Giovanni"]
[Result "1-0"]
[WhiteElo "2160"]
[BlackElo "1932"]
[PlyCount "71"]
[EventDate "1998.08.10"]

1. e4 g6 2. d4 Bg7 3. Nc3 d6 4. Bc4 Nf6 5. Qe2 e5 6. dxe5 dxe5 7. Bg5 c6 8. Nf3
Qc7 9. Rd1 O-O 10. a4 Re8 11. O-O Be6 12. Kh1 a5 13. Bxe6 Rxe6 14. Qc4 Na6 15.
Bh4 h6 16. Rd2 Rd8 17. Rfd1 Rxd2 18. Rxd2 Qe7 19. Qd3 Nc5 20. Qd8+ Qxd8 21.
Rxd8+ Kh7 22. Bxf6 Bxf6 23. Ra8 Na6 24. h3 Re7 25. Nd2 Nb4 26. Rxa5 Nxc2 27.
Nc4 Nd4 28. Ra7 Nb3 29. Kg1 Kg7 30. a5 Nc5 31. Nd6 Bg5 32. b4 Nd3 33. Na2 h5
34. Rxb7 Rxb7 35. Nxb7 Be7 36. a6 1-0

[Event "II Open Novotel A"]
[Site "Genova ITA"]
[Date "1998.08.??"]
[Round "2"]
[White "Astengo, Marcello"]
[Black "Godena, Michele"]
[Result "0-1"]
[WhiteElo "2040"]
[BlackElo "2510"]
[PlyCount "64"]
[EventDate "1998.08.10"]

1. d4 Nf6 2. Nf3 e6 3. Bf4 b6 4. e3 Bb7 5. Bd3 c5 6. c3 Nc6 7. Nbd2 Be7 8. O-O
Nh5 9. Ne5 Nxf4 10. exf4 cxd4 11. cxd4 O-O 12. Qh5 f5 13. Rfe1 Nxd4 14. Re3 d6
15. Rh3 h6 16. Ng6 Rf6 17. Rg3 Qe8 18. Nxe7+ Qxe7 19. Re1 Rc8 20. Bc4 d5 21.
Bf1 Qb4 22. Rd3 Nc2 23. Rc1 Qxb2 24. Nb3 Nb4 25. Rd2 Qa3 26. Rxc8+ Bxc8 27.
Qe8+ Rf8 28. Qe7 Qa4 29. Rd4 a5 30. Nd2 Qc6 31. Nf3 Qc5 32. Rd1 Qxe7 0-1

[Event "II Open Novotel A"]
[Site "Genova ITA"]
[Date "1998.08.??"]
[Round "2"]
[White "Basciu, Simone"]
[Black "Cazzaniga, Walter"]
[Result "1/2-1/2"]
[WhiteElo "1774"]
[BlackElo "2165"]
[PlyCount "122"]
[EventDate "1998.08.10"]

1. d4 Nf6 2. Nf3 g6 3. c4 Bg7 4. Nc3 d6 5. e4 O-O 6. Be2 e5 7. dxe5 dxe5 8.
Qxd8 Rxd8 9. Bg5 c6 10. Nxe5 Re8 11. O-O-O h6 12. Bf4 Na6 13. h3 g5 14. Bh2
Nxe4 15. Nxe4 Bxe5 16. Bxe5 Rxe5 17. Rd8+ Kg7 18. Bd3 Nc7 19. Nd6 Be6 20. Rxa8
Nxa8 21. Nxb7 Nb6 22. Nd6 Kf8 23. b3 Nd7 24. Ne4 f5 25. Nc3 Nc5 26. Bc2 a5 27.
Kd2 Ke7 28. g3 f4 29. g4 Kd6 30. Re1 Rxe1 31. Kxe1 Ke5 32. Kd2 Bd7 33. f3 Kd4
34. Ne2+ Ke5 35. Kc3 Ne6 36. a3 c5 37. Be4 Nd8 38. b4 axb4+ 39. axb4 cxb4+ 40.
Kxb4 Nc6+ 41. Kc5 Na5 42. Nd4 Be8 43. Bd5 Bd7 44. Ne2 Nb3+ 45. Kb4 Nd2 46. Kc3
Nf1 47. Nc1 Ne3 48. Nd3+ Kd6 49. Be4 Be8 50. c5+ Ke6 51. Bb7 Bb5 52. Nf2 Be2
53. Ne4 Ke5 54. Nd6 Nd5+ 55. Kd2 Bxf3 56. Nf7+ Ke4 57. Nxh6 Bg2 58. c6 Bxh3 59.
Ke2 Nc7 60. Kf2 Ke5 61. Nf7+ Kf6 1/2-1/2

[Event "II Open Novotel A"]
[Site "Genova ITA"]
[Date "1998.08.??"]
[Round "2"]
[White "Bemporad, Filippo"]
[Black "Cebalo, Miso"]
[Result "0-1"]
[WhiteElo "2050"]
[BlackElo "2535"]
[PlyCount "70"]
[EventDate "1998.08.10"]

1. d4 Nf6 2. Nf3 g6 3. c4 Bg7 4. Nc3 O-O 5. e4 d6 6. Be2 c5 7. O-O Nc6 8. d5
Na5 9. Bg5 h6 10. Bf4 Nh5 11. Bd2 e5 12. a3 b6 13. g3 Bh3 14. Re1 Kh7 15. Nh4
Nf4 16. b4 Nxe2+ 17. Qxe2 Nb3 18. Ra2 Nd4 19. Qd3 f5 20. exf5 gxf5 21. f3 Bf6
22. Ng2 Qe8 23. Ne2 e4 24. fxe4 fxe4 25. Qe3 Nf3+ 26. Kh1 Bxg2+ 27. Kxg2 Bg5
28. Nf4 Bxf4 29. gxf4 Qg6+ 30. Kh1 Nxe1 31. Bxe1 Qf5 32. Rf2 Rac8 33. b5 Rg8
34. Re2 Rce8 35. Qf2 Rg4 0-1

[Event "II Open Novotel A"]
[Site "Genova ITA"]
[Date "1998.08.??"]
[Round "2"]
[White "Berni, Mauro"]
[Black "Quinn, Mark Peter"]
[Result "1/2-1/2"]
[WhiteElo "1977"]
[BlackElo "2350"]
[PlyCount "71"]
[EventDate "1998.08.10"]

1. e4 c5 2. Nf3 Nc6 3. Bb5 g6 4. O-O Bg7 5. Re1 Nf6 6. Nc3 O-O 7. e5 Ng4 8.
Bxc6 dxc6 9. h3 Nh6 10. d3 Nf5 11. Bf4 Nd4 12. Ne4 b6 13. c3 Nxf3+ 14. Qxf3 Qd5
15. Ng5 Bf5 16. d4 cxd4 17. Qxd5 cxd5 18. cxd4 h6 19. Nf3 g5 20. Bd2 Rfc8 21.
Rac1 a5 22. Re3 Rxc1+ 23. Bxc1 Rc8 24. Rc3 Rxc3 25. bxc3 e6 26. Kf1 Bd3+ 27.
Ke1 Bc4 28. a3 Kf8 29. Nh2 Ke7 30. f4 gxf4 31. Bxf4 h5 32. g4 hxg4 33. Nxg4 Bd3
34. Bg5+ Kd7 35. h4 Bf5 36. Ne3 1/2-1/2

[Event "II Open Novotel A"]
[Site "Genova ITA"]
[Date "1998.08.??"]
[Round "2"]
[White "Efimov, Igor"]
[Black "Tomasi, Diego"]
[Result "1-0"]
[WhiteElo "2530"]
[BlackElo "2045"]
[PlyCount "39"]
[EventDate "1998.08.10"]

1. d4 d5 2. c4 dxc4 3. e3 Nf6 4. Bxc4 e6 5. Nf3 c5 6. O-O cxd4 7. Nxd4 Be7 8.
Nc3 a6 9. e4 O-O 10. e5 Nfd7 11. Bf4 Re8 12. Bb3 b5 13. Qf3 Ra7 14. Rfd1 Qb6
15. a4 Bb7 16. Qg3 b4 17. a5 Qd8 18. Nce2 Ba8 19. Bh6 g6 20. Nxe6 1-0